[Event "Titled Tuesday intern op 13th Feb Early"]
[Site "Chess.com INT"]
[Date "2024.02.13"]
[Round "2"]
[White "Abdilkhair, Abilmansur"]
[Black "Kornev, Alexei"]
[Result "1/2-1/2"]
[WhiteElo "2357"]
[BlackElo "2500"]
[PlyCount "110"]
[EventDate "2024.02.13"]
[EventType "swiss (blitz)"]
[EventRounds "11"]
[EventCountry "USA"]
[SourceTitle "CB08_2024"]
[SourceDate "2024.02.21"]
[SourceVersion "1"]
[SourceVersionDate "2024.02.21"]
[SourceQuality "1"]

1. e4 c5 2. Nf3 d6 3. Bb5+ Bd7 4. a4 Nf6 5. d3 g6 6. 0-0 Bg7 7. Nc3 0-0 8. h3 Nc6 9. Be3 Rc8 10. Qd2 a6 11. Bxc6 Bxc6 12. Bh6 e5 13. Bg5 Qd7 14. Bxf6 Bxf6 15. Ne1 Bg7 16. a5 f5 17. f3 Qd8 18. g3 h5 19. Ng2 Kh7 20. Qf2 g5 21. Ne3 Bd7 22. exf5 Bxf5 23. Nxf5 Rxf5 24. Nd5 Qe8 25. Qe3 Kh8 26. g4 Rf4 27. Nxf4 gxf4 28. Qe4 Qe7 29. Qf5 Rf8 30. Qxh5+ Kg8 31. Ra3 Rf6 32. Qg5 Qf7 33. Kg2 Rg6 34. Qh5 Qe6 35. Rb3 Rh6 36. Qf5 Qxf5 37. gxf5 Rh5 38. Rxb7 Bf6 39. Rb6 Bh4 40. Rxd6 Rxf5 41. Rd5 Kf7 42. Rxc5 Ke6 43. Rc6+ Kd5 44. Rxa6 Rg5+ 45. Kh2 Kd4 46. Rd6+ Ke3 47. a6 Ke2 48. Rg1 Bg3+ 49. Rxg3 Rxg3 50. a7 Kf2 51. h4 Rg2+ 52. Kh1 Rg1+ 53. Kh2 Rg2+ 54. Kh1 Rg3 55. Kh2 Rg2+ 1/2-1/2

[Event "Titled Tuesday intern op 13th Feb Early"]
[Site "Chess.com INT"]
[Date "2024.02.13"]
[Round "3"]
[White "Kornev, Alexei"]
[Black "Niemann, Hans Moke"]
[Result "0-1"]
[WhiteElo "2500"]
[BlackElo "2675"]
[PlyCount "64"]
[EventDate "2024.02.13"]
[EventType "swiss (blitz)"]
[EventRounds "11"]
[EventCountry "USA"]
[SourceTitle "CB08_2024"]
[SourceDate "2024.02.21"]
[SourceVersion "1"]
[SourceVersionDate "2024.02.21"]
[SourceQuality "1"]

1. e4 c5 2. Nf3 d6 3. d4 cxd4 4. Nxd4 Nf6 5. Nc3 a6 6. Be3 e5 7. Nb3 Be6 8. f3 h5 9. Qd2 Nbd7 10. 0-0-0 Rc8 11. Nd5 Nxd5 12. exd5 Bf5 13. Bd3 Bxd3 14. Qxd3 Be7 15. Kb1 0-0 16. g4 hxg4 17. fxg4 Bg5 18. Bf2 Qc7 19. h4 Bf4 20. Rhe1 Qc4 21. Na5 Qc7 22. Nb3 Nf6 23. g5 Nxd5 24. Qxd5 Qxc2+ 25. Ka1 Qxf2 26. g6 Rc2 27. Qxd6 Rxb2 28. Qa3 Re2 29. Rg1 e4 30. gxf7+ Rxf7 31. Qc5 Rxa2+ 32. Kb1 Qb2# 0-1

[Event "Titled Tuesday intern op 06th Feb Early"]
[Site "Chess.com INT"]
[Date "2024.02.06"]
[Round "1"]
[White "Kornev, Alexei"]
[Black "Gutkin, Ilya"]
[Result "0-1"]
[WhiteElo "2500"]
[BlackElo "2300"]
[PlyCount "108"]
[EventDate "2024.02.06"]
[EventType "swiss (blitz)"]
[EventRounds "11"]
[EventCountry "USA"]
[SourceTitle "CB07_2024"]
[SourceDate "2024.02.14"]
[SourceVersion "1"]
[SourceVersionDate "2024.02.14"]
[SourceQuality "1"]

1. d4 e6 2. c4 b6 3. Nc3 Bb7 4. a3 f5 5. d5 Nf6 6. Nf3 Be7 7. Bf4 0-0 8. h3 Ne4 9. Rc1 Bf6 10. Be5 Bxe5 11. Nxe5 Qf6 12. Nxe4 fxe4 13. Ng4 Qxb2 14. dxe6 dxe6 15. Qc2 Qxa3 16. e3 Qb4+ 17. Qc3 Qxc3+ 18. Rxc3 Nc6 19. Be2 h5 20. Nh2 g6 21. Nf1 Rfd8 22. Nd2 Ne5 23. c5 Rac8 24. Nc4 Nxc4 25. Bxc4 Bd5 26. Ba6 Ra8 27. 0-0 Rdb8 28. Bc4 b5 29. Bxd5 exd5 30. c6 Rb6 31. Rc5 Rd8 32. Ra1 a6 33. h4 Rd6 34. Rd1 Rbxc6 35. Rdxd5 Rxc5 36. Rxc5 c6 37. f3 exf3 38. gxf3 a5 39. e4 a4 40. e5 Rd5 41. Rxc6 Rxe5 42. Rxg6+ Kf7 43. Ra6 Re2 44. f4 Rb2 45. f5 Rb3 46. Kf2 a3 47. Ke2 b4 48. Kf2 Rb2+ 49. Kf3 a2 50. Kf4 b3 51. Ke5 Re2+ 52. Kf4 Re1 53. Ra7+ Ke8 54. Ra8+ Kd7 0-1

[Event "Titled Tuesday intern op 16th Jan Early"]
[Site "Chess.com INT"]
[Date "2024.01.16"]
[Round "8"]
[White "Kornev, Alexei"]
[Black "Baskakov, Egor"]
[Result "0-1"]
[WhiteElo "2500"]
[BlackElo "2215"]
[PlyCount "92"]
[EventDate "2024.01.16"]
[EventType "swiss (blitz)"]
[EventRounds "11"]
[EventCountry "USA"]
[SourceTitle "CB04_2024"]
[SourceDate "2023.10.16"]
[SourceVersion "1"]
[SourceVersionDate "2023.10.16"]
[SourceQuality "1"]

1. e4 c5 2. Nf3 Nf6 3. Nc3 d5 4. exd5 Nxd5 5. Bb5+ Bd7 6. Bc4 Nb6 7. Be2 Nc6 8. d4 cxd4 9. Nxd4 g6 10. Be3 Bg7 11. 0-0 0-0 12. Re1 Ne5 13. b3 Rc8 14. Qd2 Ng4 15. Bxg4 Bxg4 16. h3 e5 17. Ndb5 Qxd2 18. Bxd2 Bf5 19. Nd6 Rc6 20. Nxf5 gxf5 21. Nb5 Rxc2 22. Be3 Nd5 23. Bxa7 e4 24. Rad1 Nb4 25. a4 Nd3 26. Rf1 Rd8 27. Bb6 Rd7 28. Rb1 f4 29. Rfd1 f5 30. Na3 Re2 31. Nc4 Bf6 32. Kf1 Rc2 33. a5 Bd4 34. Bxd4 Rxd4 35. Rd2 Rdxc4 36. Rxd3 Rc1+ 37. Rd1 Rxb1 38. Rxb1 Rc2 39. b4 Ra2 40. Rc1 e3 41. fxe3 fxe3 42. Rc7 Rf2+ 43. Ke1 Rxg2 44. Rxb7 f4 45. a6 f3 46. Kf1 e2+ 0-1

[Event "Titled Tuesday intern op 16th Jan Early"]
[Site "Chess.com INT"]
[Date "2024.01.16"]
[Round "3"]
[White "Kornev, Alexei"]
[Black "Petrukhina, Olga"]
[Result "1-0"]
[WhiteElo "2500"]
[BlackElo "2100"]
[PlyCount "67"]
[EventDate "2024.01.16"]
[EventType "swiss (blitz)"]
[EventRounds "11"]
[EventCountry "USA"]
[SourceTitle "CB04_2024"]
[SourceDate "2023.10.16"]
[SourceVersion "1"]
[SourceVersionDate "2023.10.16"]
[SourceQuality "1"]

1. e4 e6 2. d4 d5 3. Nc3 dxe4 4. Nxe4 Nd7 5. Nf3 Ngf6 6. Bd3 Nxe4 7. Bxe4 Nf6 8. Bg5 Bd6 9. Qd3 a6 10. 0-0-0 h6 11. Bh4 Be7 12. Bxf6 Bxf6 13. Kb1 Qd6 14. Rhe1 0-0 15. h4 Rb8 16. g4 Qf4 17. g5 Be7 18. Rg1 Kh8 19. Ne5 Bd6 20. gxh6 Qxh6 21. f4 Qxf4 22. Rdf1 Bxe5 23. Rxf4 Bxf4 24. Qf3 Bh6 25. Bd3 Bd7 26. Qe4 f5 27. Qe5 Bc6 28. Rg6 Kh7 29. Rxe6 Be4 30. Bxe4 fxe4 31. Qxe4+ Kh8 32. a3 Rbd8 33. c3 Rd7 34. Qxb7 1-0

[Event "Titled Tuesday intern op 16th Jan Early"]
[Site "Chess.com INT"]
[Date "2024.01.16"]
[Round "7"]
[White "Manukian, Artak"]
[Black "Kornev, Alexei"]
[Result "0-1"]
[WhiteElo "2196"]
[BlackElo "2500"]
[PlyCount "56"]
[EventDate "2024.01.16"]
[EventType "swiss (blitz)"]
[EventRounds "11"]
[EventCountry "USA"]
[SourceTitle "CB04_2024"]
[SourceDate "2023.10.16"]
[SourceVersion "1"]
[SourceVersionDate "2023.10.16"]
[SourceQuality "1"]

1. e4 c5 2. Nf3 d6 3. Bb5+ Bd7 4. Bxd7+ Nxd7 5. c4 Ngf6 6. Nc3 g6 7. d3 Bg7 8. 0-0 0-0 9. Bg5 a6 10. a4 h6 11. Be3 Ng4 12. Bf4 Nge5 13. Nxe5 Nxe5 14. h3 Kh7 15. Be3 Nc6 16. f4 e6 17. f5 exf5 18. exf5 Nb4 19. Qd2 Re8 20. Rae1 Qd7 21. f6 Bf8 22. Bf2 d5 23. Rxe8 Rxe8 24. Re1 Rxe1+ 25. Bxe1 dxc4 26. dxc4 Qe6 27. Nd5 Nxd5 28. Qxd5 Qxe1+ 0-1

[Event "RUS-chT 27th"]
[Site "Sochi"]
[Date "2020.11.28"]
[Round "9.6"]
[White "Shimanov, Aleksandr"]
[Black "Kornev, Alexei"]
[Result "1-0"]
[WhiteElo "2593"]
[BlackElo "2515"]
[PlyCount "63"]
[EventDate "2020.11.19"]
[EventType "team-tourn"]
[EventRounds "9"]
[EventCountry "RUS"]
[SourceTitle "CBM 199"]
[Source "ChessBase"]
[SourceDate "2020.12.31"]
[SourceVersion "1"]
[SourceVersionDate "2020.12.31"]
[SourceQuality "1"]
[WhiteTeam "St Petersburg Bronze Horseman"]
[BlackTeam "Moscow KPRF"]
[WhiteTeamCountry "RUS"]
[BlackTeamCountry "RUS"]

1. e4 c5 2. Nc3 a6 3. d4 cxd4 4. Qxd4 Nc6 5. Qe3 g6 6. Bd2 Bg7 7. 0-0-0 d6 8. Nd5 Nf6 9. Bc3 0-0 10. Nxf6+ Bxf6 11. Bxf6 exf6 12. Bc4 Ne5 13. Bb3 a5 14. a3 Be6 15. Ne2 a4 16. Bd5 Qc7 17. Nc3 Rfc8 18. f4 Nd7 19. Rd2 Ra5 20. Bxe6 fxe6 21. Rhd1 Ra6 22. Kb1 Qc6 23. Qd4 Nc5 24. Qxf6 Rf8 25. Qd4 Rxf4 26. Qe3 Rxe4 27. Nxe4 Nxe4 28. Rd4 d5 29. Rxe4 dxe4 30. Rd8+ Kg7 31. Qf4 Qc5 32. Rd7+ 1-0

[Event "RUS-chT 27th"]
[Site "Sochi"]
[Date "2020.11.23"]
[Round "5.3"]
[White "Kryakvin, Dmitry"]
[Black "Kornev, Alexei"]
[Result "1-0"]
[WhiteElo "2577"]
[BlackElo "2515"]
[PlyCount "81"]
[EventDate "2020.11.19"]
[EventType "team-tourn"]
[EventRounds "9"]
[EventCountry "RUS"]
[SourceTitle "CBM 199"]
[Source "ChessBase"]
[SourceDate "2020.12.31"]
[SourceVersion "1"]
[SourceVersionDate "2020.12.31"]
[SourceQuality "1"]
[WhiteTeam "Tyumen Molodezhka"]
[BlackTeam "Moscow KPRF"]
[WhiteTeamCountry "RUS"]
[BlackTeamCountry "RUS"]

1. c4 e6 2. Nc3 d5 3. d4 Nf6 4. Bg5 Be7 5. Nf3 0-0 6. Qc2 h6 7. Bh4 Nbd7 8. e3 c5 9. dxc5 Nxc5 10. Rd1 Qa5 11. Nd2 Rd8 12. a3 g5 13. Bg3 Nce4 14. Nb3 Qb6 15. Be5 Bd7 16. Bd4 Qc7 17. Bd3 e5 18. Nxd5 Nxd5 19. cxd5 Qxc2 20. Bxc2 exd4 21. Bxe4 dxe3 22. fxe3 Ba4 23. Rd3 Rac8 24. Kd2 Bf6 25. Nd4 Bd7 26. Rf1 Be5 27. h3 Rc5 28. Rc1 Rxc1 29. Kxc1 Kf8 30. g4 h5 31. gxh5 Bxh3 32. h6 Ke7 33. h7 g4 34. d6+ Kf6 35. Bxb7 g3 36. Nc6 g2 37. Rd1 Rh8 38. Nxe5 Kxe5 39. Bxg2 Bxg2 40. d7 Bd5 41. Rg1 1-0

[Event "RUS-chT2"]
[Site "Sochi"]
[Date "2019.05.05"]
[Round "5.2"]
[White "Kornev, Alexei"]
[Black "Taysayev, Timur"]
[Result "1-0"]
[WhiteElo "2490"]
[BlackElo "2225"]
[PlyCount "119"]
[EventDate "2019.05.01"]
[EventType "team-swiss"]
[EventRounds "9"]
[EventCountry "RUS"]
[SourceTitle "CBM 190 Extra"]
[Source "ChessBase"]
[SourceDate "2019.07.15"]
[SourceVersion "1"]
[SourceVersionDate "2019.07.15"]
[SourceQuality "1"]
[WhiteTeam "Moscow KPRF"]
[BlackTeam "Alania RNO"]
[WhiteTeamCountry "RUS"]
[BlackTeamCountry "RUS"]

1. c4 Nf6 2. Nf3 c5 3. Nc3 b6 4. e3 e6 5. d4 cxd4 6. exd4 Bb4 7. Qb3 Na6 8. a3 Be7 9. Be2 0-0 10. 0-0 Bb7 11. Bf4 d6 12. Rfd1 Qb8 13. Rac1 Rd8 14. Qc2 Nc7 15. b4 Nce8 16. h3 a6 17. d5 e5 18. Be3 Nd7 19. Ng5 Nef6 20. Bg4 Bc8 21. f4 exf4 22. Bxf4 Ne5 23. Bxe5 dxe5 24. Bf3 h6 25. d6 Bxd6 26. Bxa8 Qxa8 27. Nge4 Nxe4 28. Nxe4 Be7 29. Rxd8+ Bxd8 30. Nd6 Be6 31. Qe4 Qb8 32. Qxe5 Bf6 33. Qg3 Bb2 34. Rd1 Bxc4 35. Qf2 Bb3 36. Re1 Qxd6 37. Qxb2 Be6 38. Qe5 Qd2 39. Re3 Kh7 40. Rg3 g6 41. Qe3 Qd1+ 42. Kh2 Qd6 43. Qd3 Qf4 44. Qc3 h5 45. Kg1 a5 46. Rd3 axb4 47. axb4 Qg5 48. Qd2 Qxd2 49. Rxd2 h4 50. Kf2 b5 51. Kf3 g5 52. Rd6 Kg7 53. Ke4 g4 54. hxg4 Bxg4 55. Kf4 Bc8 56. Rb6 Bd7 57. Kg5 Be8 58. Rd6 f6+ 59. Rxf6 Bf7 60. Rxf7+ 1-0

[Event "RUS-chT2"]
[Site "Sochi"]
[Date "2019.05.04"]
[Round "4.2"]
[White "Boiarintsev, Vitaly"]
[Black "Kornev, Alexei"]
[Result "0-1"]
[WhiteElo "2327"]
[BlackElo "2490"]
[PlyCount "63"]
[EventDate "2019.05.01"]
[EventType "team-swiss"]
[EventRounds "9"]
[EventCountry "RUS"]
[SourceTitle "CBM 190 Extra"]
[Source "ChessBase"]
[SourceDate "2019.07.15"]
[SourceVersion "1"]
[SourceVersionDate "2019.07.15"]
[SourceQuality "1"]
[WhiteTeam "Altai Territory"]
[BlackTeam "Moscow KPRF"]
[WhiteTeamCountry "RUS"]
[BlackTeamCountry "RUS"]

1. Nf3 Nf6 2. d4 g6 3. Bf4 Bg7 4. e3 0-0 5. c3 d6 6. Nbd2 Nh5 7. Bg5 h6 8. Bh4 f5 9. Qb3+ Kh8 10. 0-0-0 Qe8 11. Ne1 e5 12. dxe5 dxe5 13. f3 Nc6 14. e4 Rb8 15. Nc2 Be6 16. Qa4 a6 17. Ne3 b5 18. Qc2 b4 19. Bxa6 bxc3 20. bxc3 Na5 21. Nd5 Qc6 22. Nb4 Qb6 23. Bf1 Nf4 24. Nb3 Bxb3 25. axb3 c5 26. Bf2 Qe6 27. Qa2 cxb4 28. Qxa5 Qxb3 29. Qa1 bxc3 30. Ba6 Ra8 31. Rhe1 Rxa6 32. Qb1 0-1

[Event "RUS Central Region-chT"]
[Site "Lipetsk"]
[Date "2017.12.06"]
[Round "5.1"]
[White "Grigorjev, Iljya"]
[Black "Kornev, Alexei"]
[Result "1-0"]
[WhiteElo "2275"]
[BlackElo "2512"]
[PlyCount "103"]
[EventDate "2017.12.03"]
[EventType "team-swiss"]
[EventRounds "7"]
[EventCountry "RUS"]
[SourceTitle "CBM 182 Extra"]
[Source "ChessBase"]
[SourceDate "2018.02.23"]
[SourceVersion "1"]
[SourceVersionDate "2018.02.23"]
[SourceQuality "1"]
[WhiteTeam "Lipetsk SN4 Region"]
[BlackTeam "Vladimirsk Region"]
[WhiteTeamCountry "RUS"]
[BlackTeamCountry "RUS"]

1. e4 c6 2. d4 d5 3. e5 c5 4. Nf3 cxd4 5. Nxd4 Nc6 6. Bb5 Bd7 7. 0-0 Nxd4 8. Bxd7+ Qxd7 9. Qxd4 e6 10. Nd2 Ne7 11. Nf3 Nf5 12. Qd3 Rc8 13. c3 Bc5 14. a4 a6 15. Rd1 Qc7 16. g4 Ne7 17. Be3 h5 18. h3 Ng6 19. Bxc5 Qxc5 20. Qd4 Qe7 21. Qe3 hxg4 22. hxg4 Nh4 23. Nd4 Ng6 24. Nf3 Kf8 25. a5 Kg8 26. Ra4 f6 27. Re1 Re8 28. Rb4 fxe5 29. Nxe5 Nxe5 30. Qxe5 Rh6 31. g5 Rh5 32. f4 g6 33. Kf2 Rh2+ 34. Ke3 Rf8 35. Kd3 Kf7 36. Rb6 Re8 37. Re3 Rh4 38. Kc2 Rh2+ 39. Kb1 Rh1+ 40. Ka2 Rh4 41. b4 Rh1 42. Kb2 Rh4 43. Rd6 Rh2+ 44. Ka3 Rh7 45. f5 gxf5 46. g6+ Kxg6 47. Qxd5 Qg5 48. Rdxe6+ Rxe6 49. Qxe6+ Kh5 50. Re1 Qf4 51. Rh1+ Kg5 52. Qg8+ 1-0

[Event "Moscow op-A"]
[Site "Moscow"]
[Date "2016.02.04"]
[Round "6"]
[White "Kozionov, Kirill"]
[Black "Kornev, Alexei"]
[Result "1/2-1/2"]
[WhiteElo "2416"]
[BlackElo "2517"]
[PlyCount "96"]
[EventDate "2016.01.30"]
[EventType "swiss"]
[EventRounds "9"]
[EventCountry "RUS"]
[SourceTitle "CBM 170 Extra"]
[Source "ChessBase"]
[SourceDate "2016.02.25"]
[SourceVersion "1"]
[SourceVersionDate "2016.02.25"]
[SourceQuality "1"]

1. e4 e6 2. d4 d5 3. Nd2 Nf6 4. Bd3 c5 5. c3 cxd4 6. cxd4 dxe4 7. Nxe4 Nxe4 8. Bxe4 Bb4+ 9. Bd2 Bxd2+ 10. Qxd2 0-0 11. Nf3 Nd7 12. Ne5 Nf6 13. Bf3 Qb6 14. 0-0 Rd8 15. Rfd1 Bd7 16. Rac1 Ba4 17. b3 Be8 18. Nc4 Qa6 19. Qa5 Bb5 20. Qxa6 Bxa6 21. Ne3 Rac8 22. Rxc8 Rxc8 23. h4 Kf8 24. Kh2 Ke7 25. Kg3 h6 26. Kf4 Kd6 27. g4 Rc3 28. g5 hxg5+ 29. hxg5 Nd7 30. Bh5 g6 31. Bf3 Nb6 32. Be4 Nd5+ 33. Bxd5 exd5 34. Rh1 Bb5 35. Rd1 b6 36. Rd2 Bd7 37. Ng4 Bxg4 38. Kxg4 a5 39. Kf4 b5 40. Kg4 Rc1 41. Kf4 b4 42. Re2 Rd1 43. Ke3 Rc1 44. Kf4 Rc8 45. Kg4 Rc3 46. Rd2 a4 47. bxa4 Ra3 48. f4 Rxa4 1/2-1/2

[Event "Moscow op-A"]
[Site "Moscow"]
[Date "2016.02.03"]
[Round "5"]
[White "Kornev, Alexei"]
[Black "Yeletsky, Ivan"]
[Result "1-0"]
[WhiteElo "2517"]
[BlackElo "2373"]
[PlyCount "95"]
[EventDate "2016.01.30"]
[EventType "swiss"]
[EventRounds "9"]
[EventCountry "RUS"]
[SourceTitle "CBM 170 Extra"]
[Source "ChessBase"]
[SourceDate "2016.02.25"]
[SourceVersion "1"]
[SourceVersionDate "2016.02.25"]
[SourceQuality "1"]

1. Nf3 d5 2. d4 Nf6 3. c4 c6 4. Nc3 e6 5. Bg5 h6 6. Bxf6 Qxf6 7. Qb3 a5 8. e3 a4 9. Qc2 a3 10. b3 Bb4 11. Rc1 Nd7 12. Be2 0-0 13. 0-0 b6 14. e4 Bxc3 15. e5 Nxe5 16. Qxc3 Nxf3+ 17. Bxf3 Ba6 18. Rfd1 Qe7 19. h3 Rfe8 20. Re1 Rec8 21. c5 Rab8 22. Qb4 Bd3 23. Qxa3 Ra8 24. Qb2 b5 25. Re3 Bg6 26. b4 Ra7 27. Bd1 Rca8 28. Bb3 Ra3 29. Rce1 Kh7 30. Rg3 h5 31. Re5 h4 32. Rge3 Qa7 33. Qe2 Rxa2 34. Bxa2 Qxa2 35. Qg4 Qb1+ 36. Kh2 Qxb4 37. Qxh4+ Kg8 38. Rg3 Qb1 39. Ree3 b4 40. Qe7 Bf5 41. Qc7 g6 42. Rgf3 Ra1 43. Kg3 Qh1 44. Kh4 Ra8 45. Kg5 Qxg2+ 46. Kf6 Rf8 47. Rxf5 b3 48. Qf4 1-0

[Event "Moscow op-A"]
[Site "Moscow"]
[Date "2016.02.01"]
[Round "3"]
[White "Kornev, Alexei"]
[Black "Pirverdiyev, Agil"]
[Result "1/2-1/2"]
[WhiteElo "2517"]
[BlackElo "2311"]
[PlyCount "93"]
[EventDate "2016.01.30"]
[EventType "swiss"]
[EventRounds "9"]
[EventCountry "RUS"]
[SourceTitle "CBM 170 Extra"]
[Source "ChessBase"]
[SourceDate "2016.02.25"]
[SourceVersion "1"]
[SourceVersionDate "2016.02.25"]
[SourceQuality "1"]

1. d4 Nf6 2. c4 e6 3. Nc3 Bb4 4. e3 0-0 5. Nge2 d5 6. a3 Bd6 7. c5 Be7 8. Nf4 b6 9. b4 a5 10. Rb1 c6 11. Be2 Ba6 12. Nd3 axb4 13. axb4 Nbd7 14. 0-0 Bc4 15. Qc2 b5 16. f3 Qc7 17. e4 dxe4 18. fxe4 Rfd8 19. Bf4 Qb7 20. Rbd1 Ra3 21. Nc1 Rxc3 22. Qxc3 Nxe4 23. Qe3 f5 24. g4 Ndf6 25. gxf5 exf5 26. Qh3 Be6 27. Be5 Ng4 28. Bf4 Ngf6 29. Be5 Ng4 30. Bf4 Ngf6 31. Bf3 Qd7 32. Ne2 Nd5 33. Bxe4 fxe4 34. Qg3 Bg4 35. Rde1 Rf8 36. Be5 Rxf1+ 37. Rxf1 Bg5 38. Nf4 Nxf4 39. Bxf4 Qxd4+ 40. Qf2 Qxf2+ 41. Rxf2 e3 42. Bxg5 exf2+ 43. Kxf2 Kf7 44. Kg3 Bd1 45. h4 Ke6 46. Bd8 Kf5 47. Bc7 1/2-1/2

[Event "Tula Region-ch"]
[Site "Tula"]
[Date "2014.03.14"]
[Round "4"]
[White "Kornev, Alexei"]
[Black "Loskutov, Sviatoslav"]
[Result "1/2-1/2"]
[WhiteElo "2536"]
[BlackElo "2287"]
[PlyCount "144"]
[EventDate "2014.03.11"]
[EventType "swiss"]
[EventRounds "9"]
[EventCountry "RUS"]
[SourceTitle "CBM 159 Extra"]
[Source "ChessBase"]
[SourceDate "2014.04.24"]
[SourceVersion "1"]
[SourceVersionDate "2014.04.24"]
[SourceQuality "1"]

1. d4 Nf6 2. c4 e6 3. Nc3 d5 4. cxd5 exd5 5. Bg5 Be7 6. e3 0-0 7. Bd3 c6 8. Qc2 Nbd7 9. Nf3 Re8 10. 0-0 Ne4 11. Bxe4 dxe4 12. Nxe4 Bxg5 13. Nexg5 Nf8 14. Ne4 Bf5 15. Nfd2 Bg6 16. Rfe1 Kh8 17. f3 f5 18. Nc5 f4 19. Qc3 b6 20. Ncb3 fxe3 21. Rxe3 Rxe3 22. Qxe3 a5 23. Nc4 Bf7 24. Ne5 Bd5 25. Nc1 c5 26. dxc5 bxc5 27. Qxc5 Rc8 28. Qf2 Nd7 29. Ncd3 Nxe5 30. Nxe5 Bxa2 31. h3 Bb3 32. Re1 a4 33. Kh2 Qd6 34. f4 Qf6 35. Re2 Qf5 36. Qd4 h6 37. Re3 Rf8 38. Rg3 Kh7 39. Rf3 Rc8 40. Nd3 Rc4 41. Qd6 Bc2 42. Nf2 Qc5 43. Qd7 Qc7 44. Qd2 Bf5 45. Kg3 Qb6 46. Qd5 Rc5 47. Qd4 Bc2 48. Ng4 Rb5 49. Qc3 Rxb2 50. Kh2 Be4 51. Rg3 Qb7 52. Ne3 Rb3 53. Qe5 a3 54. Rxg7+ Qxg7 55. Qxe4+ Qg6 56. Nf5 Rb2 57. Qe7+ Kh8 58. Nh4 Qg7 59. Qxa3 Qf6 60. Qa4 Re2 61. Qc4 Re8 62. Nf3 Rf8 63. Ne5 Kg7 64. g3 Qb6 65. Qa2 Qd4 66. Qg2 Qa7 67. Qc2 Rf6 68. h4 h5 69. Qe2 Kh6 70. g4 Rxf4 71. Kg3 Rxg4+ 72. Nxg4+ hxg4 1/2-1/2

[Event "Tula Region-ch"]
[Site "Tula"]
[Date "2014.03.12"]
[Round "2"]
[White "Kornev, Alexei"]
[Black "Sadovsky, Artem"]
[Result "1-0"]
[WhiteElo "2536"]
[BlackElo "2268"]
[PlyCount "37"]
[EventDate "2014.03.11"]
[EventType "swiss"]
[EventRounds "9"]
[EventCountry "RUS"]
[SourceTitle "CBM 159 Extra"]
[Source "ChessBase"]
[SourceDate "2014.04.24"]
[SourceVersion "1"]
[SourceVersionDate "2014.04.24"]
[SourceQuality "1"]

1. d4 Nf6 2. c4 e6 3. Nc3 Bb4 4. e3 0-0 5. Nge2 b6 6. a3 Bxc3+ 7. Nxc3 d5 8. cxd5 Nxd5 9. Nxd5 exd5 10. b4 c6 11. a4 a6 12. Bd3 Qe7 13. 0-0 Ra7 14. Qc2 f5 15. Bd2 b5 16. f3 g6 17. e4 Qg7 18. Qc5 Re7 19. exd5 1-0

[Event "Voronezh op 16th"]
[Site "Voronezh"]
[Date "2012.06.20"]
[Round "8"]
[White "Kornev, Alexei"]
[Black "Onischuk, Vladimir"]
[Result "0-1"]
[WhiteElo "2542"]
[BlackElo "2516"]
[PlyCount "32"]
[EventDate "2012.06.12"]
[EventType "swiss"]
[EventRounds "9"]
[EventCountry "RUS"]
[SourceTitle "CBM 149 Extra"]
[Source "ChessBase"]
[SourceDate "2012.08.24"]
[SourceVersion "1"]
[SourceVersionDate "2012.08.24"]
[SourceQuality "1"]

1. d4 d6 2. e4 Nf6 3. Bd3 g6 4. Nf3 Bg7 5. 0-0 0-0 6. c3 Nbd7 7. Re1 e5 8. h3 h6 9. Nbd2 b6 10. Nf1 Bb7 11. Ng3 Re8 12. d5 c6 13. c4 a6 14. Bd2 b5 15. b3 Nc5 16. Bc2 Nh5 0-1

[Event "Moscow op-A"]
[Site "Moscow"]
[Date "2012.02.01"]
[Round "5"]
[White "Kornev, Alexei"]
[Black "Aleksandrov, Aleksej"]
[Result "1/2-1/2"]
[WhiteElo "2530"]
[BlackElo "2612"]
[PlyCount "46"]
[EventDate "2012.01.28"]
[EventType "swiss"]
[EventRounds "9"]
[EventCountry "RUS"]
[SourceTitle "CBM 146 Extra"]
[Source "ChessBase"]
[SourceDate "2012.02.29"]
[SourceVersion "1"]
[SourceVersionDate "2012.02.29"]
[SourceQuality "1"]

1. d4 Nf6 2. c4 e6 3. Nc3 Bb4 4. e3 0-0 5. Nge2 Re8 6. a3 Bf8 7. d5 a5 8. g3 Na6 9. Bg2 Nc5 10. b3 d6 11. 0-0 a4 12. Nxa4 Nxa4 13. bxa4 Nd7 14. Qc2 Nc5 15. Nc3 Bd7 16. Rb1 e5 17. Rb4 Qc8 18. e4 Na6 19. Rb1 Nc5 20. Rb4 Na6 21. Rb1 Nc5 22. Rb4 Na6 23. Rb1 Nc5 1/2-1/2

[Event "RUS-ch Higher League 64th"]
[Site "Taganrog"]
[Date "2011.06.17"]
[Round "3"]
[White "Potkin, Vladimir"]
[Black "Kornev, Alexei"]
[Result "1-0"]
[WhiteElo "2682"]
[BlackElo "2511"]
[PlyCount "75"]
[EventDate "2011.06.15"]
[EventType "swiss"]
[EventRounds "11"]
[EventCountry "RUS"]
[SourceTitle "CBM 143"]
[Source "ChessBase"]
[SourceDate "2011.07.15"]
[SourceVersion "1"]
[SourceVersionDate "2011.07.15"]
[SourceQuality "1"]

1. d4 d5 2. c4 c6 3. Nc3 Nf6 4. e3 e6 5. Nf3 Nbd7 6. Qc2 Bd6 7. Bd3 0-0 8. 0-0 dxc4 9. Bxc4 a6 10. a4 c5 11. Rd1 cxd4 12. exd4 b6 13. d5 e5 14. h3 Qc7 15. Qe2 Re8 16. Be3 e4 17. Nd4 Ne5 18. Nc6 Nxc6 19. dxc6 Qxc6 20. Nd5 Bc5 21. Rac1 Nxd5 22. Bxd5 Qg6 23. Bxc5 Bxh3 24. Qf1 bxc5 25. Bxa8 Rxa8 26. Rxc5 h5 27. Rdd5 Bg4 28. Qc1 f6 29. Kh2 Rb8 30. Rd4 f5 31. b4 Qf6 32. Qd2 Re8 33. Rd6 Qh4+ 34. Kg1 Kh7 35. Rc7 e3 36. fxe3 f4 37. Qc2+ Kh8 38. Rh6+ 1-0

[Event "RUS-ch Higher League 64th"]
[Site "Taganrog"]
[Date "2011.06.15"]
[Round "1"]
[White "Khairullin, Ildar"]
[Black "Kornev, Alexei"]
[Result "1/2-1/2"]
[WhiteElo "2649"]
[BlackElo "2511"]
[PlyCount "68"]
[EventDate "2011.06.15"]
[EventType "swiss"]
[EventRounds "11"]
[EventCountry "RUS"]
[SourceTitle "CBM 143"]
[Source "ChessBase"]
[SourceDate "2011.07.15"]
[SourceVersion "1"]
[SourceVersionDate "2011.07.15"]
[SourceQuality "1"]

1. d4 d5 2. c4 c6 3. Nc3 Nf6 4. Nf3 dxc4 5. a4 Bf5 6. e3 e6 7. Bxc4 Bb4 8. 0-0 0-0 9. Qe2 Bg6 10. Ne5 Nbd7 11. Nxg6 hxg6 12. Rd1 Qa5 13. Qc2 Rac8 14. Na2 Bd6 15. e4 e5 16. Bd2 Qc7 17. dxe5 Nxe5 18. Be2 Rfe8 19. g3 Ned7 20. Nc3 Nc5 21. Bf3 Ne6 22. Ne2 Be5 23. Be3 Rcd8 24. h3 c5 25. Rac1 Rxd1+ 26. Rxd1 Qb6 27. b3 Bd4 28. Bc1 Nd7 29. Bg4 Ne5 30. Kg2 Nxg4 31. hxg4 Bf6 32. Be3 Bd4 33. Bc1 Bf6 34. Be3 Bd4 1/2-1/2